000
00342nam a2200157Ia 4500
100
_a
Kurniawan/Budi/ Deck/P
650
_a
Computers
942
_c
BK
654
_a
tomcat
245
_a
How Tomcat works
260
_b
Shroff Publishers
_a
New Delhi
_c
2004
082
_a
005.133/KUR
_b
KUR
300
_a
450
546
_a
ENGLISH
999
_c
21357
_d
21357